000 00810nam a2200217Ii 4500
003 JO-AjNU
008 230605s9999||||xx |||||||||||||| ||und||
017 _a1999/1359
020 _a966-693-31-X
040 _aJO-AjNU
_bara
_erda
_cJO-AjNU
041 _aara
050 1 4 _aDS223.E8812 1999
100 3 _aأويتنج، يوليوس؛ تحرير بفلمن، كرستين وأوفه؛ ترجمة وتعليق السعيد، سعيد بن فايز,
_eauthor
_945376
245 0 0 _aرحلة داخل الجزيرة العربية
264 3 1 _aالرياض: دارة الملك عبد العزيز، 1999
300 _a269ص
336 _atext
_btxt
_2rdacontent
337 _aunmediated
_bn
_2rdamedia
338 _avolume
_bnc
_2rdacarrier
650 4 _aالسعودية-وصف رحلات-تاريخ
_945377
999 _aA19664
_c23232
_d23232